| 000 | 00334nam a2200133Ia 4500 | ||
|---|---|---|---|
| 008 | 231129s1981||||xx |||||||||||||| ||spa|| | ||
| 040 | _bspa | ||
| 082 | _a322.109861 L925c | ||
| 100 | _aLozano Simonelli Fabio | ||
| 245 | 0 | _aEl concordato colombiano de 1973 | |
| 260 | _c1981 | ||
| 264 | _aBanco de la Republica | ||
| 942 |
_2ddc _cBKS |
||
| 999 |
_c10640 _d10640 |
||